| Поле | Инд. | ПП | Название | Значение |
|---|---|---|---|---|
| Тип записи | a | |||
| Библиографический уровень | b | |||
| 001 | Контрольный номер | RU/IS/BASE/213287766 | ||
| 005 | Дата корректировки | 20240916164215.7 | ||
| 008 | Кодируемые данные | 20061004 | ||
| 040 | b | Код языка каталог. | rus | |
| e | Правила каталог. | PSBO | ||
| 041 | 0_ | a | Код языка текста | rus |
| 084 | a | Индекс другой классификации/Индекс ББК | 65.9(2Рос)-237 | |
| 100 | 1_ | a | Автор | Узяков М. Н. |
| q | Полное имя | Узяков Марат Наильевич | ||
| 245 | 10 | a | Заглавие | Квартальный прогноз макропоказателей экономики РФ в 2006 - 2008 гг. (базовый сценарий) |
| 504 | a | Библиография | Примеч. | |
| 650 | a | Основная рубрика | экономика | |
| a | Основная рубрика | экономическое прогнозирование | ||
| 653 | 1_ | a | Ключевые слова | валовой внутренний продукт (ВВП) |
| a | Ключевые слова | внешний долг | ||
| a | Ключевые слова | внешняя торговля | ||
| a | Ключевые слова | динамика цен | ||
| a | Ключевые слова | доходы бюджетов | ||
| a | Ключевые слова | доходы населения | ||
| a | Ключевые слова | иностранные инвестиции | ||
| a | Ключевые слова | консолидированный бюджет | ||
| a | Ключевые слова | кредитно-денежная система | ||
| a | Ключевые слова | макроэкономика | ||
| a | Ключевые слова | платежный баланс | ||
| a | Ключевые слова | профицит бюджета | ||
| a | Ключевые слова | расходы бюджета | ||
| a | Ключевые слова | расходы населения | ||
| a | Ключевые слова | Россия | ||
| a | Ключевые слова | Стабилизационный фонд РФ | ||
| a | Ключевые слова | тарифы естественных монополий | ||
| a | Ключевые слова | федеральный бюджет | ||
| a | Ключевые слова | цены на газ | ||
| a | Ключевые слова | цены на нефть | ||
| a | Ключевые слова | экономическая политика | ||
| a | Ключевые слова | экспорт газа | ||
| a | Ключевые слова | экспорт нефти | ||
| 773 | 0_ | t | Заглавие источника | Проблемы прогнозирования |
| d | Дата издания источника | 2006 | ||
| g | Прочая информация | № 4. - С. 3 - 33 : схем., граф., | ||
| w | Контрольный № источника | RU/IS/BASE/207762247 | ||
| 901 | t | Тип документа | b |